|
|
|
|
| LEADER |
00980nam a2200265 i 4500 |
| 001 |
c000329872 |
| 003 |
CARM |
| 005 |
00000000000000.0 |
| 008 |
780922s1979 nyu b 00100 eng |
| 019 |
1 |
|
|a 1269530
|z 21837163
|z 23884362
|5 LACONCORD2021
|
| 020 |
|
|
|a 080141184X
|
| 035 |
|
|
|a (OCoLC)4495498
|5 LACONCORD2021
|
| 050 |
0 |
0 |
|a P118
|b .S8
|
| 245 |
0 |
0 |
|a Structure and development in child language :
|b the preschool years /
|c Marion Potts ... [et al.].
|
| 260 |
|
|
|a Ithaca, N.Y. :
|b Cornell University Press,
|c 1979.
|
| 300 |
|
|
|a 237 p. ;
|c 23 cm.
|
| 500 |
|
|
|a Includes index.
|
| 504 |
|
|
|a Bibliography: p. 223-229.
|
| 650 |
|
0 |
|a Children
|x Language.
|
| 650 |
|
0 |
|a English language
|x Syntax.
|
| 700 |
1 |
|
|a Potts, Marion.
|
| 852 |
8 |
|
|b CARM
|h A1:AM14F0
|i B09423
|p 0429565
|f BK
|
| 082 |
0 |
4 |
|a 401/.9
|
| 999 |
f |
f |
|i 03ac5d59-d47f-5f9f-8b34-50beedbad296
|s 8b1d6400-cbdd-598e-a356-956cc6d0175e
|
| 952 |
f |
f |
|p Can circulate
|a CAVAL
|b CAVAL
|c CAVAL
|d CARM 1 Store
|e B09423
|f A1:AM14F0
|h Other scheme
|i book
|m 0429565
|